Marine diesel engines (Record no. 12054)

000 -LEADER
fixed length control field 00529nam a2200205 4500
001 - CONTROL NUMBER
control field 12054
003 - CONTROL NUMBER IDENTIFIER
control field BD-DhUET
008 - FIXED-LENGTH DATA ELEMENTS--GENERAL INFORMATION
fixed length control field 740812s1972 enka 001 0 eng
020 ## - INTERNATIONAL STANDARD BOOK NUMBER
International Standard Book Number 0408000775
040 ## - CATALOGING SOURCE
Original cataloging agency DLC
Transcribing agency DLC
Modifying agency BD-DhUET
082 00 - DEWEY DECIMAL CLASSIFICATION NUMBER
Classification number 626.87236
Item number POU/1972
100 ## - MAIN ENTRY--PERSONAL NAME
Personal name Pounder, C. C.
245 10 - TITLE STATEMENT
Title Marine diesel engines
250 ## - EDITION STATEMENT
Edition statement 5th ed.
260 ## - PUBLICATION, DISTRIBUTION, ETC. (IMPRINT)
Place of publication, distribution, etc. London
Name of publisher, distributor, etc. Newnes-Butterworths
Date of publication, distribution, etc. 1972
300 ## - PHYSICAL DESCRIPTION
Extent 12, 737 p.
Other physical details illus.
Dimensions 23 cm.
490 0# - SERIES STATEMENT
Series statement Marine engineering series
650 #0 - SUBJECT ADDED ENTRY--TOPICAL TERM
Topical term or geographic name as entry element Marine diesel motors
942 ## - ADDED ENTRY ELEMENTS (KOHA)
Koha item type General Book
Holdings
Koha date last seen Sublocation or collection (holding branch) Shelving location Date acquired Price effective from Lost status Koha full call number Damaged status Location (home branch) Koha item type Koha normalized classification for sorting Not for loan Piece designation (barcode) Withdrawn status Source of classification or shelving scheme Copy number
2015-02-23Central Library, BUETCirculation section2015-02-232015-02-23 626.87236/POU/1972 Central Library, BUETGeneral Book626_872360000000000_POU_1972 52342  1
2015-02-23Central Library, BUETCirculation section2015-02-232015-02-23 626.87236/POU/1972 Central Library, BUETGeneral Book626_872360000000000_POU_1972 52125  2
2015-03-09Central Library, BUETCirculation section2015-03-092015-03-09 626.87236/POU/1972 Central Library, BUETGeneral Book626_872360000000000_POU_1972 53242  3
2015-05-06Central Library, BUETCirculation section2015-05-062015-05-06 626.87236/POU/1972 Central Library, BUETGeneral Book626_872360000000000_POU_1972 34390  4
2015-06-22Central Library, BUETReading section2015-06-222015-06-22 626.87236/POU/1972 Central Library, BUETReading Item626_872360000000000_POU_1972 34388  5
2015-06-23Central Library, BUETReading section2015-06-232015-06-23 626.87236/POU/1972 Central Library, BUETReading Item626_872360000000000_POU_1972 36819  6
2015-06-23Central Library, BUETReading section2015-06-232015-06-23 626.87236/POU/1972 Central Library, BUETReading Item626_872360000000000_POU_1972 53243  7